000
00291nam a22001337a 4500
008
171027b xxu||||| |||| 00| 0 eng d
020
_a
9780618214174
041
_a
eng
080
_2
7TH
_a
336
100
_a
56
101
_a
FIN
245
_a
PERSONAL FINANCE
_c
GARMAN,E.T
942
_2
udc
_c
BK
999
_c
36150
_d
36150